| 000 | 01781cam a2200373 4500 | ||
|---|---|---|---|
| 999 |
_c528265 _d528265 |
||
| 001 | 4122261 | ||
| 003 | NUST | ||
| 005 | 20190905063213.0 | ||
| 008 | 700115s1969 dcuab b 000 0 eng | ||
| 010 | _a 75602873 | ||
| 038 | _aM.SOHAIL | ||
| 040 |
_aDLC _cDLC _dDLC |
||
| 050 | 0 | 0 |
_aTE7 _b.N25 no. 70 |
| 082 | 0 | 0 |
_a380.5 _bHRB |
| 110 | 2 |
_aVogt, Ivers & Associates. _919973 |
|
| 245 | 1 | 0 | _aSocial and economic factors affecting intercity travel. |
| 260 |
_a[Washington] _bHighway Research Board, National Research Council, _c1969. |
||
| 300 |
_a68 p. _billus., maps. _c28 cm. |
||
| 350 | _a3.00 | ||
| 490 | 1 |
_aNational Cooperative Highway Research Program. Report ; _v70 |
|
| 490 | 1 | _aNAS-NRC publication 1745. | |
| 500 | _a"NCHRP project 8-1 FY '64." | ||
| 500 | _a"Research sponsored by the American Association of State Highway Officials in cooperation with the Bureau of Public Roads." | ||
| 500 | _aCopy 2 bound with: National Cooperative Highway Research Program. Report no. 71-no. 77, subsequent to publication. | ||
| 501 |
_aCopy 1 with: Evaluation of construction control procedures / S. B. Hudson and H. F. Waller. Washington : Highway Research Board, Division of Engineering, National Research Council, 1969. Bound together subsequent to publication. _5DLC |
||
| 504 | _aIncludes bibliographies. | ||
| 650 | 0 |
_aOrigin and destination traffic surveys _zUnited States. _919974 |
|
| 710 | 2 |
_aAmerican Association of State Highway Officials. _919665 |
|
| 710 | 1 |
_aUnited States. _bBureau of Public Roads. _919975 |
|
| 830 | 0 |
_aReport (National Cooperative Highway Research Program) ; _v70. _919976 |
|
| 830 | 0 |
_aPublication (National Research Council (U.S.)) ; _vno. 1745. _919977 |
|
| 906 |
_a7 _bcbc _corignew _du _encip _f19 _gy-gencatlg |
||
| 942 |
_2ddc _cBK |
||